000 00354nam a22000857a 4500
008 230706b ||||| |||| 00| 0 eng d
100 _aUnknown
245 _aHand Stamps of the Soviet Occupation Zone of Germany: District 3
_bdie bezirkshandstempelaufdrucke der sowjetischen Besatzungszone deutschlands
650 _aEast German | hand stamps | Soviet Cancellations
999 _c3541
_d3541